000 01376nam0a22003011 4500
001 rc\4088090
005 20260408074518.0
021 _aRU
_b[47-4181]
035 _a(NLR Aleph) 008130293
090 _a9419481
_c9419481
100 _a20130415d1946 |||y0rusy50 ca
101 0 _arus
102 _aRU
105 _aa z |||||
200 1 _aПособие по нормированию такелажных работ
_fМинистерство стр-ва предприятий тяжелой индустрии СССР
210 _aМосква
_cСтройиздат
_d1946
_gтип. Б1
215 _a136 с.
_cил.
_d19
300 _aНа обороте тит. л. указаны составители: инженеры П.В. Блажевич, Д.Н. Болоненко, В.В. Казакин и др.
606 _aТакелажные работы
_xТехническое нормирование
_2psbo
702 1 _aБолоненко
_bД.Н.
_4220
702 1 _aКазахин
_bВ.В.
_4220
702 1 _aБлажевич
_bП.В.
_gПетр Венедиктович
_4220
712 0 1 _aСССР
_bМинистерство строительства предприятий тяжелой индустрии
_3RU\NLR\AUTH\8810065899
_9633408
801 0 _aRU
_bNLR
_gpsbo
801 1 _aRU
_bELAR
_2rusmarc
852 _aNLR
_jТ80 Г-3/91
942 _cBOOK
980 _aNB